Statistiques concernant Culture Générale - Série 2483

Cliquez ici pour prendre le quiz!

Statistiques générales

  • Ce quiz a été pris 64 fois
  • Le résultat moyen est 3 sur 10

Statistiques - réponses

QuestionRéponse% Correct
Qu'est-ce qu'est le smurf ?danse
71%
Qu'est-ce qu'un agaric ?champignon
41%
Dans la tragédie de Jean Racine écrite en 1670, comment s'appelle la reine de Judée dont l'empereur romain Titus est amoureux ?Bérénice
30%
Mammifère d'Amérique tropicale, variété de paresseux - 4 lettresunau
27%
De quel arbuste épineux le cynorrhodon est-il le fruit ?
églantier
21%
Personnage maléfique et machiavélique de la pièce Othello ou le Maure de Venise de William Shakespeare. Il est un officier au service du général vénitien Othello - voir photoIago
20%
Quel animal est un "seps" ?lézard
13%
Ce mot désigne - un parapluie (familier-vieilli) - sorte de grand rabot à deux poignées, qui sert à dresser le bois de charpente - ciseau en forme de palette, qui sert aux maçons pour ébarber les ouvrages de plâtre : 7 lettres finissant par " d "riflard
13%
Titre de plusieurs officiers ou dignitaires de l'Empire ottoman -Titre donné aux capitaines de corsaires, chez les Barbaresques - 4 lettres commençant par " r "reis
11%
Roi de Thèbes en Mysie et père d'Andromaque. Il fut tué en même temps que ses sept fils par Achille qui, pour rendre hommage à sa bravoure, le fit enterrer avec ses armes.Eetion
7%

Distribution des résultats

Percentile par nombre de réponses

% des personnes avec chaque résultat

Votre développement - résultats

Vous n’avez pas pris ce quiz